Statistics for Countries that have gained independence from Britain

Click here to take the quiz!

General Stats

  • This quiz has been taken 176 times
    (145 since last reset)
  • The average score is 42 of 60

Answer Stats

Answer% Correct
Australia
96%
India
95%
New Zealand
93%
United States of America
93%
Canada
92%
South Africa
90%
Pakistan
88%
Ireland
83%
Egypt
81%
Saint Kitts and Nevis
81%
Bahamas
80%
Jamaica
79%
Saint Lucia
79%
Nigeria
78%
Sudan
78%
Zimbabwe
78%
Barbados
77%
Kenya
76%
Saint Vincent and the Grenadines
76%
Zambia
75%
Antigua and Barbuda
74%
Bangladesh
74%
Fiji
73%
Tanzania
73%
Lesotho
72%
Iraq
70%
Trinidad and Tobago
70%
Sri Lanka
69%
Belize
68%
Botswana
68%
Ghana
68%
Malaysia
68%
Uganda
68%
Dominica
67%
Singapore
67%
Swaziland
66%
Grenada
65%
Myanmar
63%
Tuvalu
63%
The Gambia
62%
Bahrain
61%
Solomon Islands
61%
Vanuatu
60%
Kiribati
59%
Kuwait
59%
Israel
58%
Jordan
58%
Malta
58%
United Arab Emirates
58%
Yemen
58%
Nauru
57%
Malawi
56%
Guyana
55%
Qatar
55%
Seychelles
54%
Cyprus
53%
Maldives
53%
Mauritius
53%
Brunei
48%
Sierra Leone
48%

Score Distribution

Percentile by Number Answered

Percent of People with Each Score

Your Score History

You have not taken this quiz since the last reset